Women and the scientific professions /

Bibliographic Details
Corporate Authors: M.I.T. Symposium on American Women in Science and Engineering, Association of Women Students (Massachusetts Institute of Technology)
Other Authors: Mattfeld, Jacquelyn A., Van Aken, Carol G.
Format: Conference Proceeding Book
Language:English
Published: Cambridge : Massachusetts Institute of Technology Press, [1965]
Subjects:

MARC

Tag First Indicator Second Indicator Subfields
LEADER 00000cam a22000001 4500
001 in00000059238
005 20151008051544.0
008 711108s1965 mau b 10000 eng
010 |a  65026968  
035 |a (OCoLC)00260819 
035 |9 AAG8637AM 
040 |a DLC  |c DLC  |d TXA  |d UtOrBLW 
043 |a n-us--- 
049 |a TXAM  |c 1 [453553]  |c 2 [427083] 
050 0 |a HQ1397  |b .M2 1964 
082 0 |a 331.4815 
092 |a 331.481  |b M111w 
111 2 |a M.I.T. Symposium on American Women in Science and Engineering  |d (1964) 
245 1 0 |a Women and the scientific professions /  |c Edited by Jacquelyn A. Mattfeld and Carol G. Van Aken. 
264 1 |a Cambridge :  |b Massachusetts Institute of Technology Press,  |c [1965] 
300 |a xvii, 250 pages ;  |c 21 cm. 
336 |a text  |b txt  |2 rdacontent 
337 |a unmediated  |b n  |2 rdamedia 
338 |a volume  |b nc  |2 rdacarrier 
500 |a Sponsored by the Association of Women Students, Massachusetts Institute of Technology. 
504 |a Bibliographical footnotes. 
650 0 |a Women scientists. 
650 0 |a Science  |x Vocational guidance. 
650 0 |a Women  |x Employment  |z United States. 
700 1 |a Mattfeld, Jacquelyn A. 
700 1 |a Van Aken, Carol G. 
710 2 |a Association of Women Students (Massachusetts Institute of Technology) 
999 |a MARS 
999 f f |s 8c96211d-150d-3592-ac41-2fe04be29f8f  |i 9a5645f4-7298-3867-8e8f-2b00e7a07022  |t 0 
952 f f |p normal  |a Texas A&M University  |b College Station  |c Sterling C. Evans Library  |d Evans: Library Stacks  |t 0  |e HQ1397 .M2 1964  |h Library of Congress classification  |i unmediated -- volume  |m A14800719923 
998 f f |a HQ1397 .M2 1964  |t 0  |l Evans: Library Stacks